[Event "POL-ch U16"]
[Site "Jastrzebia Gora"]
[Date "2023.??.??"]
[Round "4"]
[White "Jaskiewicz, Kacper"]
[Black "Fiszer, Bartosz"]
[Result "1/2-1/2"]
[WhiteElo "2027"]
[BlackElo "2232"]
[PlyCount "86"]
[EventDate "2023.03.11"]
[EventType "swiss"]
[EventRounds "9"]
[EventCountry "POL"]
[SourceTitle "CBM 213 Extra"]
[Source "ChessBase"]
[SourceDate "2023.05.31"]
[SourceVersion "1"]
[SourceVersionDate "2023.05.31"]
[SourceQuality "1"]

1. d4 Nf6 2. c4 g6 3. Nc3 Bg7 4. e4 d6 5. h3 0-0 6. Be3 e5 7. d5 Na6 8. g4 Nc5 9. f3 a5 10. Nge2 h5 11. Bg5 Qe8 12. Qd2 Nh7 13. gxh5 Nxg5 14. Qxg5 Kh7 15. Nc1 Bh6 16. Qh4 Kg7 17. Nd3 Nxd3+ 18. Bxd3 c6 19. Ke2 Bf4 20. Rag1 Rh8 21. Kd1 Bd7 22. Rg2 Qd8 23. Qxd8 Raxd8 24. Ne2 Rxh5 25. Nxf4 exf4 26. Rgh2 Kf6 27. Bf1 Rdh8 28. Rd2 c5 29. Rdh2 Ke5 30. Kd2 Kd4 31. Ke1 g5 32. Rg1 f6 33. Rgh1 Rh4 34. a3 R4h5 35. e5 Bf5 36. e6 Ke3 37. e7 Re8 38. Rd2 Rh7 39. Bg2 Bd3 40. Kd1 Rhxe7 41. Bf1 Bf5 42. Bg2 Bd3 43. Bf1 Bf5 1/2-1/2

[Event "Warsaw Najdorf Memorial op-A 19th"]
[Site "Warsaw"]
[Date "2022.07.15"]
[Round "7"]
[White "Gorkiewicz, Mateusz"]
[Black "Jaskiewicz, Kacper"]
[Result "1-0"]
[WhiteElo "2023"]
[BlackElo "1756"]
[PlyCount "193"]
[EventDate "2022.07.09"]
[EventType "swiss"]
[EventRounds "9"]
[EventCountry "POL"]
[SourceTitle "CBM 209 Extra"]
[Source "ChessBase"]
[SourceDate "2022.09.30"]
[SourceVersion "1"]
[SourceVersionDate "2022.09.30"]
[SourceQuality "1"]

1. e4 c5 2. Nf3 d6 3. d4 cxd4 4. Nxd4 Nf6 5. Nc3 a6 6. a4 e5 7. Nf3 Be7 8. Bg5 Be6 9. Bxf6 Bxf6 10. Nd5 Nd7 11. Bc4 Nb6 12. Nxb6 Qxb6 13. Bxe6 fxe6 14. 0-0 0-0 15. a5 Qc6 16. Re1 Rfe8 17. c3 Rad8 18. Qb3 Rd7 19. Ra4 d5 20. Rb4 Ree7 21. h3 h6 22. Qa3 Kh7 23. Rb6 Qc4 24. Rd6 Qc7 25. Rb6 Re8 26. Qa4 Rdd8 27. Rd1 Re7 28. Qb4 Kg8 29. Qb3 dxe4 30. Rxd8+ Qxd8 31. Rxe6 Kh8 32. Rxe7 Qxe7 33. Nd2 e3 34. fxe3 Qc5 35. Kf2 Bh4+ 36. Ke2 Bg5 37. c4 Qc6 38. Nf3 Bf6 39. Qb4 Qe4 40. Qb3 Qg6 41. Ne1 Qh5+ 42. Kd2 Qf7 43. Qd3 Qe7 44. Nc2 e4 45. Qb3 Qd7+ 46. Kc1 Bg5 47. Qc3 Qf5 48. Qe1 Qc5 49. b3 Bf6 50. Qd2 Qf5 51. Qe1 Qc5 52. g4 Qe5 53. Nd4 Qh2 54. Qe2 Qxh3 55. Ne6 Qh1+ 56. Qd1 Qg2 57. Qd2 Qg1+ 58. Kc2 Qa1 59. Nc5 Qb2+ 60. Kd1 Qa1+ 61. Qc1 Qxa5 62. Nxe4 Qe5 63. Qc2 Be7 64. Qd3 Qa1+ 65. Ke2 Qb2+ 66. Kf3 Qh2 67. Qd7 Qh3+ 68. Kf4 Bg5+ 69. Nxg5 hxg5+ 70. Ke4 Qh2 71. Qc8+ Kh7 72. Qf5+ Kh6 73. Qe6+ Kh7 74. Kd4 Qd2+ 75. Kc5 Qa5+ 76. Kd6 Qb6+ 77. Ke7 Qc7+ 78. Kf8 Qd8+ 79. Kf7 Qg8+ 80. Ke7 Qb8 81. Qd6 Qc8 82. Qe6 Qc7+ 83. Kf8 Qd8+ 84. Kf7 Qg8+ 85. Ke7 Qb8 86. Qf5+ Kh6 87. Kd7 Qg3 88. Qe6+ Kh7 89. Qe4+ Kg8 90. Qe8+ Kh7 91. Qh5+ Kg8 92. Qxg5 a5 93. Kc8 b6 94. Kb7 Qh2 95. Qd5+ Kf8 96. Qd8+ Kf7 97. Qc7+ 1-0